Informe del C.N.P. al Banco Centroamericano de Integración Económica para el estudio de "elegibilidad del empréstito"

में बचाया:
ग्रंथसूची विवरण
निगमित लेखक: Consejo Nacional de Producción
स्वरूप: मूलपाठ
प्रकाशित: San José: CNP
टैग: टैग जोड़ें
कोई टैग नहीं, इस रिकॉर्ड को टैग करने वाले पहले व्यक्ति बनें!

MARC

LEADER 00000 a a2200000 04500
001 16473
003
040
090 |a 012200  
110 |a Consejo Nacional de Producción  
245 |a Informe del C.N.P. al Banco Centroamericano de Integración Económica para el estudio de "elegibilidad del empréstito"  
260 |a San José:   |b CNP  
300 |a 9 p  
999 |c 16389  |d 16389